[Event "US Open-116"]
[Site "Phoenix"]
[Date "2015.08.05"]
[Round "5"]
[White "Apte, Neel"]
[Black "Stukopin, Andrey"]
[Result "0-1"]
[WhiteElo "2132"]
[BlackElo "2587"]
[PlyCount "62"]
[EventDate "2015.08.01"]
[EventType "swiss"]
[EventRounds "9"]
[EventCountry "USA"]
[SourceTitle "CBM 167 Extra"]
[Source "ChessBase"]
[SourceDate "2015.09.14"]
[SourceVersion "1"]
[SourceVersionDate "2015.09.14"]
[SourceQuality "1"]

1. d4 c5 2. e3 d5 3. Nf3 Nf6 4. c4 cxd4 5. exd4 g6 6. Nc3 Bg7 7. Bg5 Ne4 8. Bh4 Nc6 9. cxd5 Nxc3 10. bxc3 Qxd5 11. Be2 0-0 12. 0-0 Bf5 13. Qb3 Qd7 14. Rfd1 Rac8 15. a4 Be4 16. a5 Qf5 17. Qa3 Rfd8 18. a6 b6 19. Bxe7 Nxe7 20. Qxe7 Rd7 21. Qb4 Rdc7 22. c4 Bxf3 23. Bxf3 Rxc4 24. Qd6 Qe6 25. Qf4 Rd8 26. Rac1 Bxd4 27. Qg5 Rd7 28. h3 Rxc1 29. Qxc1 b5 30. Qg5 Qxa6 31. Be2 Qb6 0-1

[Event "US Open-113"]
[Site "Vancouver"]
[Date "2012.08.07"]
[Round "4"]
[White "Mo, Kevin"]
[Black "Apte, Neel"]
[Result "1/2-1/2"]
[WhiteElo "2243"]
[BlackElo "2046"]
[PlyCount "43"]
[EventDate "2012.08.04"]
[EventType "swiss"]
[EventRounds "9"]
[EventCountry "USA"]
[SourceTitle "CBM 149 Extra"]
[Source "ChessBase"]
[SourceDate "2012.08.24"]
[SourceVersion "1"]
[SourceVersionDate "2012.08.24"]
[SourceQuality "1"]

1. e4 c5 2. Nf3 Nc6 3. d4 cxd4 4. Nxd4 g6 5. c4 Nf6 6. Nc3 Nxd4 7. Qxd4 d6 8. Be2 Bg7 9. Be3 0-0 10. Qd2 Bd7 11. 0-0 Bc6 12. f3 a5 13. b3 Nd7 14. Rfc1 Nc5 15. Rab1 Be5 16. Rc2 e6 17. Bg5 Qb6 18. Kh1 f5 19. exf5 Rxf5 20. Qe3 Qc7 21. a3 Qg7 22. h4 1/2-1/2

[Event "Fremont Clubsport op"]
[Site "Fremont"]
[Date "2005.10.29"]
[Round "5"]
[White "Apte, Neel"]
[Black "Jangle, Hemang"]
[Result "0-1"]
[WhiteElo "1302"]
[BlackElo "1249"]
[PlyCount "22"]
[EventDate "2005.10.29"]
[EventType "swiss"]
[EventRounds "5"]
[EventCountry "USA"]
[SourceTitle "EXT 2009"]
[Source "ChessBase"]
[SourceDate "2008.11.26"]
[SourceVersion "1"]
[SourceVersionDate "2008.11.26"]
[SourceQuality "1"]

1. e4 e5 2. Nf3 d5 3. exd5 Bd6 4. Bc4 Nf6 5. 0-0 e4 6. Ne1 Bxh2+ 7. Kxh2 Ng4+ 8. Kg1 Qh4 9. Bb5+ c6 10. Bxc6+ bxc6 11. g3 Qh2# 0-1